Aktuálne otázky štátneho účtovníctva a výkazníctva v Slovenskej republike

Štátne účtovníctvo a výkazníctvo Slovenskej republiky, zákon č.431/2002 Z.z o účtovníctve z roku 2007 a novela č. 198/2007. Zavedenie medzinárodných účtovných štandardov pre verejný sektor (IPSAS) a harmonizácia účtovníctva na Slovensku. Špecifiká účtovníctva štátnej správy a samosprávy a jej konsol...

Descrizione completa

Salvato in:
Dettagli Bibliografici
Autore principale: Šabíková, Ingrid
Natura: Capitolo di libro
Lingua:slovacco
Soggetti:
Tags: Aggiungi Tag
Nessun Tag, puoi essere il primo ad aggiungerne!!

MARC

LEADER 00000nla$a2200000$$$4500
001 0103982
005 20240502072133.2
041 0 |a slo 
044 |a SK 
245 1 0 |a Aktuálne otázky štátneho účtovníctva a výkazníctva v Slovenskej republike  |c Ingrid Šabíková 
520 |a Štátne účtovníctvo a výkazníctvo Slovenskej republiky, zákon č.431/2002 Z.z o účtovníctve z roku 2007 a novela č. 198/2007. Zavedenie medzinárodných účtovných štandardov pre verejný sektor (IPSAS) a harmonizácia účtovníctva na Slovensku. Špecifiká účtovníctva štátnej správy a samosprávy a jej konsolidácia. 
610 2 0 |a štandardy účtovné medzinárodné 
610 2 0 |a účtovníctvo akruálne 
610 2 0 |a samospráva 
610 2 0 |a správa štátna 
610 2 0 |a zákony 
610 2 0 |a Slovensko 
610 2 0 |a výkazníctvo účtovné 
100 1 |a Šabíková, Ingrid